Mayors of Salt Lake City by Picture - Statistics

General Stats
  • This quiz has been taken 5 times
  • The average score is 15 of 35
Answer Stats
Picture Hint Answer % Correct
2020-Present Erin Mendenhall
100%
1866-1876 Daniel H. Wells
75%
2016-2020 Jackie Biskupski
75%
1972-1974 Jake Garn
75%
1960-1971 J. Bracken Lee
75%
2008-2016 Ralph Becker
75%
2000-2008 Rocky Anderson
75%
1976-1985 Ted Wilson
75%
1857-1866 Abraham O. Smoot
50%
1956-1959 Adiel F. Stewart
50%
1992-2000 Deedee Corradini
50%
1886-1890 Francis Armstrong
50%
1851-1857 Jedediah M. Grant
50%
1898-1899 John Clark
50%
1985-1992 Palmer DePaulis
50%
1904-1905 Richard P. Morris
50%
1940-1944 Ab Jenkins
25%
1920-1928 Charles Clarence Neslen
25%
1974-1976 Conrad B. Harrison
25%
1944-1956 Earl J. Glade
25%
1936-1938 E. B. Erwin
25%
1920 Edmund A. Bock
25%
1900-1903 | 1906-1907 Ezra Thompson
25%
1876-1882 Feramorz Little
25%
1890-1892 George Montgomery Scott
25%
1896-1897 James Glendinning
25%
1884-1886 James Sharp
25%
1928-1931 John F. Bowman
25%
1938-1940 John M. Wallace
25%
1908-1911 John S. Bransford
25%
1932-1935 Louis Marcus
25%
1892-1895 R. N. Baskin
25%
1912-1916 Samuel C. Park
25%
1882-1884 William Jennings
25%
1916-1919 W. Mont Ferry
25%
No matching quizzes found
Score Distribution
Percent of People with Each Score
Percentile by Number Answered
Your Score History
You have not taken this quiz